The wars of Eduard Shevardnadze / (Record no. 1196)

000 -LEADER
fixed length control field 01319nam a22003497a 4500
001 - CONTROL NUMBER
control field 1162250
003 - CONTROL NUMBER IDENTIFIER
control field OSt
005 - DATE AND TIME OF LATEST TRANSACTION
control field 20210426114750.0
008 - FIXED-LENGTH DATA ELEMENTS--GENERAL INFORMATION
fixed length control field 960424s1997 pauab b 001 0beng
010 ## - LIBRARY OF CONGRESS CONTROL NUMBER
LC control number 96019615
020 ## - INTERNATIONAL STANDARD BOOK NUMBER
International Standard Book Number 0271016043 (alk. paper)
040 ## - CATALOGING SOURCE
Original cataloging agency DLC
Transcribing agency DLC
Modifying agency DLC
Language of cataloging eng
041 ## - LANGUAGE CODE
Language code of text/sound track or separate title eng
043 ## - GEOGRAPHIC AREA CODE
Geographic area code e-ur---
050 00 - LIBRARY OF CONGRESS CALL NUMBER
Classification number DK290.3.S54
Item number E38 1997
080 ## - UNIVERSAL DECIMAL CLASSIFICATION NUMBER
Universal Decimal Classification number 92
Item number E-42
082 00 - DEWEY DECIMAL CLASSIFICATION NUMBER
Classification number 947.085/4/092
-- B
Edition number 20
100 1# - MAIN ENTRY--PERSONAL NAME
Personal name Ekedahl, Carolyn McGiffert.
245 14 - TITLE STATEMENT
Title The wars of Eduard Shevardnadze /
Statement of responsibility, etc. Carolyn McGiffert Ekedahl and Melvin A. Goodman.
Remainder of title / by: Pennsylvania State University Press
260 ## - PUBLICATION, DISTRIBUTION, ETC.
Place of publication, distribution, etc. University Park, Pa.
Name of publisher, distributor, etc. Pennsylvania State University Press
Date of publication, distribution, etc. c1997.
300 ## - PHYSICAL DESCRIPTION
Extent xxiii, 331 p.
Other physical details ill., maps
Dimensions 24 cm.
504 ## - BIBLIOGRAPHY, ETC. NOTE
Bibliography, etc. note Includes bibliographical references (p. [319]-324) and index.
600 10 - SUBJECT ADDED ENTRY--PERSONAL NAME
Personal name Shevardnadze, Ė. A.
Fuller form of name (Ėduard Amvrosievich),
Dates associated with a name 1928-2014.
650 #0 - SUBJECT ADDED ENTRY--TOPICAL TERM
Topical term or geographic name entry element Statesmen
Geographic subdivision Soviet Union
Form subdivision Biography.
650 #0 - SUBJECT ADDED ENTRY--TOPICAL TERM
Topical term or geographic name entry element Biography
9 (RLIN) 237
651 #0 - SUBJECT ADDED ENTRY--GEOGRAPHIC NAME
Geographic name Soviet Union
General subdivision Foreign relations
Chronological subdivision 1985-1991.
653 ## - INDEX TERM--UNCONTROLLED
Uncontrolled term ბიოგრაფია
700 1# - ADDED ENTRY--PERSONAL NAME
Personal name Goodman, Melvin A.
Fuller form of name (Melvin Allan),
Dates associated with a name 1938-
906 ## - LOCAL DATA ELEMENT F, LDF (RLIN)
a 7
b cbc
c orignew
d 1
e ocip
f 19
g y-gencatlg
942 ## - ADDED ENTRY ELEMENTS (KOHA)
Source of classification or shelving scheme
Koha item type Books
Holdings
Withdrawn status Lost status Source of classification or shelving scheme Damaged status Not for loan Permanent location Current location Date acquired Inventory number Total Checkouts Full call number Barcode Date last seen Price effective from Koha item type
          Ken Walker International University Ken Walker International University 02/04/2021 371   92 E-42 371 02/04/2021 02/04/2021 Books

Powered by Koha